| 000 | 00574nam a22001817a 4500 | ||
|---|---|---|---|
| 005 | 20150316123212.0 | ||
| 010 | _aENG-112212 | ||
| 020 |
_a9789384757090 _c395.00 |
||
| 035 | _aEN-95744 | ||
| 037 | _bDBAD/PUB | ||
| 100 | _aBinodini | ||
| 245 |
_aThe maharaja's household : _cby Binodini ; translated from the Manipuri by L. Somi Roy _ba daughter's memories of her father / |
||
| 260 |
_aNew Delhi _bZubaan _c2015 |
||
| 270 |
_a128B Shahpur Jat, Ist Floor, _bNew Delhi _e110049 |
||
| 300 |
_axliii,182p : _c22cm(pbk) _bill. |
||
| 700 | _aSomi Roy,L. | ||
| 942 |
_2ddc _cEN _mBIN |
||
| 999 |
_c91637 _d91637 |
||